| 000 | 00591nai a2200181Ia 4500 | ||
|---|---|---|---|
| 003 | IN-BaIIA | ||
| 008 | 211028c9999 xx s 000 0 eng d | ||
| 022 | _a0272-4391 (Print) | ||
| 022 | _a1098-2299 (Online) | ||
| 040 | _cIIA Library | ||
| 245 | 0 |
_aDrug Development Research _h[eJournal] |
|
| 260 |
_aNew Jersey _bJohn Wiley & Sons |
||
| 310 | _aSemi-Quarterly | ||
| 362 | _a37(1); 1996 - Present | ||
| 521 | _bSubscribed through National Knowledge Resource Consortium (NKRC) | ||
| 856 |
_uhttps://onlinelibrary.wiley.com/journal/10982299 _yClick Here to Access eJournal |
||
| 942 | _cEJ | ||
| 999 |
_c34288 _d34288 |
||